| 000 | 00449cam a2200181ua 4500 | ||
|---|---|---|---|
| 020 | _c1.25 | ||
| 041 |
_amal _h |
||
| 082 |
_a894.812308 _bMAD/BH |
||
| 100 |
_aMadkholkar, G T . _96024 |
||
| 245 |
_aBhagnadevalayam / _cG T Madkholkar. _hTextual Documents |
||
| 260 |
_aKottayam : _bSahitya Pravarthaka Co-operative Society , _c1961. |
||
| 300 | _a150 ; . | ||
| 365 | _a1.25 | ||
| 504 | _a | ||
| 942 | _cBK | ||
| 999 |
_c4152 _d4152 |
||
| 003 | |||